header

Picture yourself learning Microsoft Excel 2010 (Record no. 192181)

MARC details
000 -LEADER
fixed length control field 01402nam a2200337 a 4500
100 1# - MAIN ENTRY--AUTHOR NAME
Personal name Ulrich-Fuller, Laurie,
245 10 - TITLE STATEMENT
Title Picture yourself learning Microsoft Excel 2010
260 ## - PUBLICATION, DISTRIBUTION, ETC. (IMPRINT)
Place of publication Boston, Mass., U.S.A. :
Name of publisher Course Technology PTR,
Year of publication 2011.
300 ## - PHYSICAL DESCRIPTION
Number of Pages xix, 330 p. :
Other physical details col. ill.
500 ## - GENERAL NOTE
General note Includes index.
505 0# - FORMATTED CONTENTS NOTE
Formatted contents note pt. 1. Just the basics -- pt. 2. Handling larger workbooks -- pt. 3. Working with graphics -- pt. 4. Using Excel tools.
650 #0 - SUBJECT ADDED ENTRY--TOPICAL TERM
Topical Term Electronic spreadsheets
856 40 - ELECTRONIC LOCATION AND ACCESS
Uniform Resource Identifier http://site.ebrary.com/lib/rucke/Doc?id=10397737

No items available.

© 2026 Rongo University
Contact us: librarian | system librarian | Rongo university